Food security and global environmental change (Record no. 63202)
[ view plain ]
| 000 -LEADER | |
|---|---|
| fixed length control field | 00957nam a2200217 a 4500 |
| 008 - FIXED-LENGTH DATA ELEMENTS--GENERAL INFORMATION | |
| fixed length control field | 120210s2010 ||||||||||||||||| || u |
| 020 ## - INTERNATIONAL STANDARD BOOK NUMBER | |
| International Standard Book Number | 9781849711289 |
| 050 ## - LIBRARY OF CONGRESS CALL NUMBER | |
| Classification number | HD 9000.5 Foo |
| 100 ## - MAIN ENTRY--PERSONAL NAME | |
| Personal name | Liverman, Diana |
| 245 10 - TITLE STATEMENT | |
| Title | Food security and global environmental change |
| Statement of responsibility, etc. | edited by John Ingram; Polly Ericksen and Diana Liverman |
| 260 ## - PUBLICATION, DISTRIBUTION, ETC. | |
| Place of publication, distribution, etc. | London: |
| Name of publisher, distributor, etc. | Earthscan |
| Date of publication, distribution, etc. | 2010 |
| 300 ## - PHYSICAL DESCRIPTION | |
| Extent | xix, 361p.: ill. |
| 350 ## - | |
| -- | 0.00 |
| 650 ## - SUBJECT ADDED ENTRY--TOPICAL TERM | |
| Topical term or geographic name entry element | FOOD SUPPLY--ENVIRONMENTAL ASPECTS |
| 650 ## - SUBJECT ADDED ENTRY--TOPICAL TERM | |
| Topical term or geographic name entry element | FOOD |
| 650 ## - SUBJECT ADDED ENTRY--TOPICAL TERM | |
| Topical term or geographic name entry element | FOOD SECURITY--ENVIRONMENTAL ASPECTS |
| 700 ## - ADDED ENTRY--PERSONAL NAME | |
| Personal name | Ericksen, Polly |
| 700 ## - ADDED ENTRY--PERSONAL NAME | |
| Personal name | Ingram, John |
| 995 ## - | |
| -- | MAIN LIBRARY OPEN ACCESS |
| -- | 0.00 |
| -- | 742990 |
| -- | CBU-MAIN LIBRARY (Kitwe) |
| -- | 1 |
| -- | 0.00 |
| -- | HD 9000.5 FOO |
| -- | 2 |
| -- | AVAILABLE |
| -- | Mar 28, 2012 |
| -- | 742990 |
| -- | Main Library Open Access Collection |
| 995 ## - | |
| -- | MAIN LIBRARY OPEN ACCESS |
| -- | 0.00 |
| -- | 742989 |
| -- | CBU-MAIN LIBRARY (Kitwe) |
| -- | 1 |
| -- | 0.00 |
| -- | HD 9000.5 FOO |
| -- | 1 |
| -- | AVAILABLE |
| -- | Mar 28, 2012 |
| -- | 742989 |
| -- | Main Library Open Access Collection |
| 999 ## - | |
| -- | 63202 |
| -- | 63202 |
| Withdrawn status | Lost status | Source of classification or shelving scheme | Damaged status | Not for loan | Permanent Location | Current Location | Shelving location | Date acquired | Total Checkouts | Full call number | Barcode | Date last seen | Price effective from | Koha item type |
|---|---|---|---|---|---|---|---|---|---|---|---|---|---|---|
| CBU-MAIN LIBRARY, KITWE. | CBU-MAIN LIBRARY, KITWE. | 12/24/2022 | HD 9000.5 Foo | 742990 | 12/24/2022 | 12/24/2022 | MONOGRAPH | |||||||
| CBU-MAIN LIBRARY, KITWE. | CBU-MAIN LIBRARY, KITWE. | 12/24/2022 | HD 9000.5 Foo | 742989 | 12/24/2022 | 12/24/2022 | MONOGRAPH |